O hypotézách, které leží v základech geometrie : (spolu s vysvětlením H. Weyla) /

Hlavní autor: Riemann, Bernhard, 1826-1866
Korporativní autor: Univerzita J.E. Purkyně v Ústí nad Labem. Pedagogická fakulta
Další autoři: Weyl, Hermann, 1885-1955
Jazyk: Čeština
Vydáno: Ústí nad Labem : Univerzita J.E. Purkyně, 1999
Témata:
Fyzický popis: 35 s. ; 20 cm
Knihy
Uloženo v:
LEADER 01209nam a2200325 a 4500
001 000462870
003 CZ BrMZK
005 20210126095518.0
007 ta
008 000115s1999 xr f 0 cze d
015 |a cnb000840312 
020 |a 80-7044-253-0 
035 |a (OCoLC)44147986 
040 |a BOA001  |b cze 
072 7 |a 514  |x Geometrie  |2 Konspekt  |9 13 
080 |a 514  |2 MRF 
080 |a 101  |2 MRF 
080 |a (048.8)  |2 MRF 
100 1 |a Riemann, Bernhard,  |d 1826-1866  |7 kup20010000082831  |4 aut 
245 1 0 |a O hypotézách, které leží v základech geometrie :  |b (spolu s vysvětlením H. Weyla) /  |c B. Riemann. 
260 |a Ústí nad Labem :  |b Univerzita J.E. Purkyně,  |c 1999 
300 |a 35 s. ;  |c 20 cm 
650 0 7 |a geometrie  |7 ph114624  |x filozofické aspekty  |2 czenas 
655 7 |a studie  |7 fd133597  |2 czenas 
700 1 |a Weyl, Hermann,  |d 1885-1955  |7 jn20000703396  |4 aut 
710 2 |a Univerzita J.E. Purkyně v Ústí nad Labem.  |b Pedagogická fakulta  |7 kn20010709358 
765 0 |t Über die Hypothesen, welche der Geometrie zu Grunde liegen 
910 |a BOA001  |b 2-1068.839 
990 |a BK 
996 6 |b 2610108065  |c 2-1068.839  |l MZK  |r Sklad / do 1 hodiny  |n 1  |p p.v.  |w 000462870  |u 000010  |a 1  |e BOA001  |j MZK50  |s P